Waterloo road character Quiz Stats

 Plays Quiz not verified by Sporcle

Challenge
Share
Tweet
Embed
Score 0/92 Timer 20:00
0 Plays Today
Actor/ Actress Names % Correct
Jason Donetom clarkson
84.7%
Denise Welchsteph haydock
80.2%
Jason Merrellsjack rimmer
78.8%
Phillip Martin Browngrantly budgen
78.4%
Angela Griffinkim campbell
76.3%
Jill Halfpennyizzie redpath
68.9%
Katie Griffithschlo grainger
67.9%
Adam Thomasdonte charles
67.7%
Eva Poperachel mason
65.8%
Lauren Drummondmika grainger
65.6%
Holly Kennysambuca kelly
62.6%
Chelsee Healeyjaneece bryant
62%
Reece Douglasdenzil kelly
59.3%
Amanda Burtonkaren fisher
59.3%
Elaine Symonsrose kelly
58.6%
Jack McMullenfinn sharkey
57.2%
William Ashchristopher mead
55.3%
Linzey Cockerjess fisher
54.5%
William Rushjosh stevenson
53.8%
Neil Morriseyeddie lawson
53.6%
Tachia Newallbolton smilie
53.2%
Elizabeth Berringtonruby fry
53%
George Sampsonkyle stack
53%
Craig Fitzpatricklewis seddon
52.6%
Chris Geerematt wilding
52.4%
Ceallach Spellmanharry fisher
52.4%
Tina O'Brienbex fisher
51.2%
Jamie Gloverandrew treneman
50.8%
Jaye Jacobssian diamond
50.6%
Christine Tremarcodavina shackleton
50.2%
Darcey Isalauren andrews
49.4%
Actor/ Actress Names % Correct
Luke Baileymarley kelly
49.2%
Camilla Powerlorna dicky
49.1%
Ellie Paskellmaxine barlow
48.5%
Thomas Milnerpaul langley
47.7%
Mark Bentondaniel chalk
47.3%
Alec Newmanmichael byrne
47.1%
Kay Purcellcandice smilie
47%
Tom Paynebrett aspinall
46.8%
Shannon Flynnemily james
46.8%
Alex Walkinshawjez diamond
46.7%
Zaraah Abrahamsmichaela white
46.2%
Lucy Dixondanielle harker
45.9%
Tom Chambersmax tyler
45.5%
Steve Moneyclarence charles
44.1%
Ayesha Gwiltamy porter
43.1%
Jessica Baglowkarla bentham
42.9%
Shabana Akhtar Bakhshjasmine koreshi
42.2%
Lucien Laviscountjonah kirby
41.9%
Sarah-Jane Pottsjo lipsett
41.7%
Karen Davidfrancesca montoya
40.8%
Rebecca Ryanvicki macdonald
40.4%
Vinette Robinsonhelen hopewell
40.4%
Katy Carmichaelmelissa ryan
40.2%
Nicholas Sidiroger aspinall
40.1%
Lauren Thomasaleesha dillon
39.3%
Dean Smithphillip ryan
39.2%
Jenna-Louise Colemanlindsey james
39.2%
Ben-Ryan Daviesronan burley
38.9%
Georgia Henshawmadi diamond
38.4%
Robson Greenrob scotcher
38%
Holliday Graingerstacey appleyard
37.5%
Actor/ Actress Names % Correct
Elyes Gabelrob cleaver
37.5%
Kane Tomlinson-Weaverharley taylor
37.5%
Lee Abbatezack diamond
36.9%
Sadie Pickeringflick mellor
36.6%
Anna Jobartehruth kirby
36.5%
Ian Puleston-Daviescharlie fisher
36.5%
Oliver Leeaiden scotcher
35.9%
Millie Katanashona mansfield
35.7%
Hope Katanarhona mansfield
35.4%
Kaya Moorephoenix taylor
34.4%
Wil Johnsonmarcus kirby
34.4%
David Crellinjimmy grainger
32.9%
Sophie McSheraros mccain
32.7%
Heather Peacenicki boston
32.7%
Zeriozha Burt-Skeeteceline dixon
32.6%
Poppy Jhakraeleanor chaudry
32%
Phoebe Dynevorsiobhan mailey
30.8%
Katie McGlynnjodi allen
30.6%
Melanie Hillmaggie croft
30.5%
Steven Waddingtonadam fleet
30.3%
Silas Carsonstuart hordley
30%
Sarah Hadlandlinda radleigh
29.3%
Malcolm ScatesRalph Mellor
28.8%
Sharlene Whyteadanna lawal
26%
Scott Hainingnate gurney
25.4%
Naveed Choudhrytariq saddiqui
21.2%
Aryana Ramkhalawontrudi saddiqui
20.7%
Richie Jeevesluke pendal
19.1%
Holly Matthewsleighann galleway
18.3%
Shifaa Arfannaseem saddiqui
17.9%

You're not logged in!

Compare scores with friends on all Sporcle quizzes.
Join for Free
OR
Log In

You Might Also Like...

Show Comments

Extras

Created Jul 26, 2012ReportNominate
Tags:character, road, waterloo

Top Quizzes Today


Score Distribution

Your Account Isn't Verified!

In order to create a playlist on Sporcle, you need to verify the email address you used during registration. Go to your Sporcle Settings to finish the process.

Report this User

Report this user for behavior that violates our Community Guidelines.

Details: